[Event "Match"]
[Site "masterchessopen.com New York (USA)"]
[Round "0"]
[White "Braun Leslie (USA)"]
[Black "Alexopoulos Georgios (GRE)"]
[Result "0-1"]
[WhiteElo "2245"]
[BlackElo "2249"]

1.d4 Nf6 2.c4 g6 3.Nc3 Bg7 4.e4 d6 5.Nf3 O-O 6.Be2 e5 7.O-O Nc6 8.d5 Ne7 9.b4
Nh5 10.c5 f5 11.Qb3 Kh8 12.exf5 e4 13.Nh4 Nxf5 14.Nxf5 Bxf5 15.Bxh5 gxh5
16.Bb2 Qg5 17.Kh1 e3 18.fxe3 Bd3 19.Rxf8+ Rxf8 20.cxd6 Rf2 21.Rg1 Bf1 22.g3
Qg4 23.Qd1 Rxh2+ 24.Kxh2 Qh3# 0-1

[Event "Match"]
[Site "masterchessopen.com New York (USA)"]
[Round "2"]
[White "Colias Billy (USA)"]
[Black "Alexopoulos Georgios (GRE)"]
[Result "0-1"]
[WhiteElo "2300"]
[BlackElo "2249"]

1.d4 Nf6 2.Nf3 g6 3.c4 Bg7 4.Nc3 O-O 5.e4 d6 6.Be2 e5 7.O-O Nc6 8.d5 Ne7 9.b4
Nh5 10.Qb3 f5 11.c5 Kh8 12.cxd6 cxd6 13.exf5 e4 14.Nh4 Nxf5 15.Nxf5 Bxf5
16.Bxh5 gxh5 17.Bb2 Qg5 18.Kh1 e3 19.fxe3 Bd3 20.Rfd1 Rf2 21.Rg1 Rc8 22.Nd1
Qxg2+ 23.Rxg2 Rf1+ 24.Rg1 Be4# 0-1

[Event "Match (active)"]
[Site "masterchessopen.com Jakarta (Indonesia)"]
[Round "2"]
[White "Suhendra Andi Supardi (INA)"]
[Black "Tkachiev Vladislav (FRA)"]
[Result "0-1"]
[WhiteElo "2255"]
[BlackElo "2620"]

1.d4 Nf6 2.Nf3 g6 3.c4 Bg7 4.Nc3 O-O 5.e4 d6 6.Be2 e5 7.O-O Nc6 8.d5 Ne7 9.b4
a5 10.bxa5 Rxa5 11.Bg5 h6 12.Bxf6 Bxf6 13.Qd2 Bg7 14.Ne1 f5 15.f3 b6 16.Nd3
Kh7 17.Kh1 Bd7 18.g4 f4 19.h4 Ng8 20.Qe1 Bf6 21.h5 gxh5 22.gxh5 Bh4 23.Qd2 Bg3
24.Kg2 Bh3+ 25.Kxh3 Qh4+ {#R} 0-1

[Event "Memorial A.Rubinstein (c)"]
[Site "masterchessopen.com Polanica Zdroj (Poland)"]
[Date "2011.08.28"]
[Round "9"]
[White "Gralka Julian (POL)"]
[Black "Pojedziniec Wladyslaw (POL)"]
[Result "1-0"]
[WhiteElo "2247"]
[BlackElo "2168"]

1.d4 Nf6 2.c4 g6 3.Nc3 Bg7 4.e4 d6 5.Nf3 O-O 6.Be2 e5 7.O-O Nc6 8.d5 Ne7 9.b4
Nh5 10.c5 Nf4 11.Bxf4 exf4 12.Rc1 f5 13.e5 a5 14.exd6 cxd6 15.cxd6 Qxd6 16.Nb5
Qd8 17.Nc7 Rb8 18.d6 Nc6 19.b5 {#r} 1-0

[Event "Memorial Bartis (corr.)"]
[Site "masterchessopen.com corr."]
[Round "0"]
[White "Pappier Carlos (ARG)"]
[Black "Vasta Eduardo (ARG)"]
[Result "1-0"]
[WhiteElo "2202"]
[BlackElo "2325"]

1.d4 Nf6 2.c4 g6 3.Nc3 Bg7 4.e4 d6 5.Nf3 O-O 6.Be2 e5 7.O-O Nc6 8.d5 Ne7 9.b4
Ne8 10.Nd2 f5 11.c5 {#r} 1-0

[Event "Memorial Em.Lasker (open)"]
[Site "masterchessopen.com Barlinek (Poland)"]
[Date "2006.06.10"]
[Round "8"]
[White "Krajewicz Pawel (POL)"]
[Black "Kielbratowski Aleksander (POL)"]
[Result "0-1"]
[WhiteElo "2004"]
[BlackElo "2140"]

1.d4 Nf6 2.Nf3 g6 3.c4 Bg7 4.Nc3 O-O 5.e4 d6 6.Be2 Nc6 7.O-O e5 8.d5 Ne7 9.b4
Nd7 10.Be3 f5 11.Ng5 Nf6 12.c5 h6 13.cxd6 cxd6 14.Ne6 Bxe6 15.dxe6 fxe4 16.Qd2
d5 17.Bxh6 e3 18.Qxe3 d4 19.Qg5 Bxh6 20.Qxh6 dxc3 21.Rad1 Qb6 22.Rd3 Rac8
23.Rg3 Rc7 24.Bh5 Nxh5 25.Qxh5 c2 26.Qh6 Qxf2+ {#R} 0-1

[Event "Memorial I.Stepichev"]
[Site "masterchessopen.com Kiev (Ukraine)"]
[Date "2006.12.27"]
[Round "1"]
[White "Grinev Valeriy (UKR)"]
[Black "Baryshpolets Andrey (UKR)"]
[Result "0-1"]
[WhiteElo "2232"]
[BlackElo "2265"]

1.d4 Nf6 2.c4 g6 3.Nc3 Bg7 4.e4 d6 5.Nf3 O-O 6.Be2 e5 7.O-O Nc6 8.d5 Ne7 9.b4
a5 10.Ba3 Nd7 11.Ne1 f5 12.Nd3 Nf6 13.f3 axb4 14.Bxb4 c5 15.dxc6 Nxc6 16.Rb1
Bh6 17.a4 Be3+ 18.Kh1 f4 19.Nd5 Nxd5 20.exd5 Nxb4 21.Rxb4 Rf5 22.Qe1 Rh5
23.Bd1 Qg5 24.Nf2 Qg3 25.Nh3 Qxe1 26.Rxe1 {#R} 0-1

[Event "Memorial Izmailov (open)"]
[Site "masterchessopen.com Tomsk (Russia)"]
[Date "2008.07.02"]
[Round "8"]
[White "Pavlov Oleg (RUS)"]
[Black "Tilicheev Viacheslav (RUS)"]
[Result "1-0"]
[WhiteElo "2326"]
[BlackElo "2234"]

1.d4 Nf6 2.Nf3 g6 3.c4 d6 4.Nc3 Bg7 5.e4 O-O 6.Be2 e5 7.O-O Nc6 8.d5 Ne7 9.b4
Nh5 10.Re1 f5 11.Ng5 Nf6 12.Bf3 c6 13.Be3 Kh8 14.a4 Neg8 15.dxc6 f4 16.Bc5 h6
17.cxb7 Bxb7 18.Ne6 Qc8 19.Nxf8 dxc5 20.Nxg6+ Kh7 21.Nh4 cxb4 22.Nb5 Qxc4
23.Rc1 Qf7 24.Rc7 Qf8 {#r} 1-0

[Event "Memorial J.Capablanca (b) (cat.8)"]
[Site "masterchessopen.com Habana (Cuba)"]
[Date "2005.05.11"]
[Round "6"]
[White "Ortega Mariano (CUB)"]
[Black "Garcia Martinez Silvino (CUB)"]
[Result "1-0"]
[WhiteElo "2393"]
[BlackElo "2337"]

1.d4 Nf6 2.Nf3 g6 3.c4 Bg7 4.Nc3 O-O 5.e4 d6 6.Be2 e5 7.O-O Nc6 8.d5 Ne7 9.b4
a5 10.Ba3 axb4 11.Bxb4 Nd7 12.a4 Bh6 13.a5 f5 14.Bd3 Nf6 15.Qb3 Nh5 16.c5 Nf4
17.cxd6 cxd6 18.Bc4 Kh8 19.Qa3 fxe4 20.Nxe4 b5 21.Bxd6 Nf5 22.Bxe5+ Ng7
23.Bxb5 Qxd5 24.Qxf8+ {#r} 1-0

[Event "Memorial Karl Mala (open)"]
[Site "masterchessopen.com Frankfurt (Germany)"]
[Date "2005.07.30"]
[Round "4"]
[White "Iwanziw Niklas (GER)"]
[Black "Francke Helmut Dr (GER)"]
[Result "0-1"]
[WhiteElo "1975"]
[BlackElo "2119"]

1.d4 Nf6 2.c4 g6 3.Nc3 Bg7 4.e4 d6 5.Nf3 O-O 6.Be2 e5 7.O-O Nc6 8.d5 Ne7 9.b4
Ne8 10.Rb1 h6 11.Re1 f5 12.Nd2 Nf6 13.Bd3 f4 14.Nb3 g5 15.c5 Ng6 16.Bc4 g4
17.g3 Nh7 18.h4 Nxh4 19.gxh4 Qxh4 20.Qd3 Ng5 21.Kf1 f3 {#R} 0-1

[Event "Memorial Karl Mala (open)"]
[Site "masterchessopen.com Frankfurt (Germany)"]
[Date "2006.07.22"]
[Round "5"]
[White "Malek Daniel (GER)"]
[Black "Smit Josip (GER)"]
[Result "1-0"]
[WhiteElo "2294"]
[BlackElo "2049"]

1.d4 Nf6 2.c4 g6 3.Nc3 Bg7 4.e4 d6 5.Nf3 O-O 6.Be2 e5 7.O-O Nc6 8.d5 Ne7 9.b4
a5 10.Ba3 Nd7 11.bxa5 Rxa5 12.Bb4 Ra8 13.a4 Bh6 14.a5 f5 15.Nd2 Kh8 16.Nb3 Ng8
17.c5 dxc5 18.Nxc5 Nxc5 19.Bxc5 Rf6 20.Qb3 Bd2 21.Rfd1 Bxc3 22.Qxc3 b6 23.axb6
Rxa1 24.Rxa1 cxb6 25.Bb4 Rf7 26.Ra8 {#r} 1-0

[Event "Memorial M.Chigorin (open)"]
[Site "masterchessopen.com St. Petersburg (Russia)"]
[Round "3"]
[White "Kirusha Andrey (RUS)"]
[Black "Manakov Ilya (RUS)"]
[Result "0-1"]
[WhiteElo "2364"]
[BlackElo "2280"]

1.Nf3 Nf6 2.c4 g6 3.Nc3 Bg7 4.e4 d6 5.d4 O-O 6.Be2 e5 7.O-O Nc6 8.d5 Ne7 9.b4
Nh5 10.Re1 a5 11.bxa5 Rxa5 12.a4 f5 13.Ng5 Nf4 14.Bxf4 exf4 15.Rc1 Nxd5
16.Nxd5 Qxg5 17.exf5 c6 18.Qd2 Rc5 19.f6 Bxf6 20.Nc3 f3 21.Qxg5 Bxg5 {#R} 0-1

[Event "Memorial M.Chigorin (open)"]
[Site "masterchessopen.com St. Petersburg (Russia)"]
[Date "2008.10.05"]
[Round "2"]
[White "Kaganskiy Gleb (RUS)"]
[Black "Loskutov Oleg (RUS)"]
[Result "0-1"]
[WhiteElo "2330"]
[BlackElo "2482"]

1.Nf3 Nf6 2.c4 g6 3.Nc3 Bg7 4.e4 d6 5.d4 O-O 6.Be2 e5 7.O-O Nc6 8.d5 Ne7 9.b4
c6 10.Ne1 a5 11.bxa5 Qxa5 12.Bd2 Ne8 13.Nd3 f5 14.f3 c5 15.Qb3 f4 16.Rfb1 Nf6
17.Qd1 h5 18.Rb2 g5 19.Nf2 Ng6 20.Rab1 Kh8 21.Nb5 Qd8 22.Nc3 {#R} 0-1

[Event "Memorial M.Chigorin (open)"]
[Site "masterchessopen.com St. Petersburg (Russia)"]
[Date "2008.10.06"]
[Round "4"]
[White "Kaganskiy Gleb (RUS)"]
[Black "Skrjabin Igor (RUS)"]
[Result "1-0"]
[WhiteElo "2330"]
[BlackElo "2110"]

1.Nf3 Nf6 2.c4 g6 3.Nc3 Bg7 4.e4 d6 5.d4 O-O 6.Be2 e5 7.O-O Nc6 8.d5 Ne7 9.b4
Nh5 10.Re1 f5 11.Ng5 Nf6 12.Bf3 a5 13.Ba3 Ne8 14.c5 f4 15.bxa5 Rxa5 16.Bb4 Ra8
17.Nb5 Rf6 18.Bg4 h5 19.Be6+ Bxe6 20.Nxe6 Qd7 21.a4 {#r} 1-0

[Event "Memorial P.Keres (open)"]
[Site "masterchessopen.com Tallinn (Estonia)"]
[Round "1"]
[White "Kanep Meelis (EST)"]
[Black "Dubrovin Robert (EST)"]
[Result "1-0"]
[WhiteElo "2302"]
[BlackElo "2163"]

1.d4 Nf6 2.c4 g6 3.Nc3 Bg7 4.e4 d6 5.Nf3 O-O 6.Be2 e5 7.O-O Nc6 8.d5 Ne7 9.b4
Nh5 10.Re1 Nf4 11.Bf1 f5 12.c5 fxe4 13.Nxe4 Bg4 14.cxd6 cxd6 15.Bxf4 Rxf4
16.Qd3 Bxf3 17.gxf3 Nf5 18.Rac1 Nh4 19.Bg2 h6 20.Rc3 Qd7 21.Rec1 Nxg2 22.Kxg2
Rh4 23.Nf6+ Bxf6 24.Qxg6+ Bg7 25.Rc7 {#r} 1-0

[Event "Memorial Pablo Gorbea (open)"]
[Site "masterchessopen.com Madrid (Spain)"]
[Round "7"]
[White "Rojo Huerta Gabriel (ESP)"]
[Black "Maldonado Morillo Alfonso (ESP)"]
[Result "1-0"]
[WhiteElo "2380"]
[BlackElo "2163"]

1.Nf3 Nf6 2.c4 g6 3.Nc3 Bg7 4.e4 d6 5.d4 O-O 6.Be2 e5 7.O-O Nc6 8.d5 Ne7 9.b4
Nh5 10.Re1 f5 11.Ng5 Nf6 12.Bf3 c6 13.Ba3 h6 14.Ne6 Bxe6 15.dxe6 a6 16.Qb3 Kh8
17.Rad1 Nc8 18.b5 Qe7 19.bxc6 bxc6 20.exf5 gxf5 21.Bxc6 Ra7 22.Bd5 Nh5 23.Ne2
Bf6 24.Qh3 Qe8 25.c5 Be7 26.Bf3 {#r} 1-0

[Event "Memorial Tringov (open)"]
[Site "masterchessopen.com Plovdiv (Bulgaria)"]
[Date "2012.01.29"]
[Round "1"]
[White "Antic Dejan (SRB)"]
[Black "Stoimenov Kalojan (BUL)"]
[Result "1-0"]
[WhiteElo "2504"]
[BlackElo "1820"]

1.d4 Nf6 2.Nf3 g6 3.c4 Bg7 4.Nc3 O-O 5.e4 d6 6.Be2 e5 7.O-O Nc6 8.d5 Ne7 9.b4
Ne8 10.a4 h6 11.c5 f5 12.Nd2 Nf6 13.a5 f4 14.Ba3 g5 15.b5 Ng6 16.Nc4 Ne8 17.b6
axb6 18.axb6 dxc5 19.Bxc5 Rxa1 20.Qxa1 Rf7 21.Bh5 Kh7 22.Qa2 Bf6 23.Nb5 {#r}
1-0

[Event "NRW-liga (juniors) 1993/94"]
[Site "masterchessopen.com NRW (Germany)"]
[Round "0"]
[White "Matthaei Alexander (GER)"]
[Black "Johnen Daniel (GER)"]
[Result "1-0"]
[WhiteElo "2270"]
[BlackElo "2139"]

1.Nf3 Nf6 2.c4 g6 3.Nc3 Bg7 4.e4 d6 5.d4 O-O 6.Be2 e5 7.O-O Nc6 8.d5 Ne7 9.b4
a5 10.Ba3 axb4 11.Bxb4 Nd7 12.a4 f5 13.Ng5 Nc5 14.Bxc5 dxc5 15.Ne6 Bxe6
16.dxe6 Rf6 17.Qd7 Qxd7 18.exd7 Rd6 19.Rfd1 Rd8 20.Rab1 b6 21.Rxd6 cxd6
22.Rxb6 Rxd7 23.a5 Bf8 24.a6 Ra7 25.Nb5 Ra8 26.a7 {#r} 1-0

[Event "NRW-liga 2007/08"]
[Site "masterchessopen.com Germany"]
[Date "2008.04.27"]
[Round "9"]
[White "Petzold Klaus (GER)"]
[Black "Grobbel Rainer (GER)"]
[Result "1-0"]
[WhiteElo "2241"]
[BlackElo "2137"]

1.c4 Nf6 2.Nc3 g6 3.e4 d6 4.d4 Bg7 5.Nf3 O-O 6.Be2 e5 7.O-O Nc6 8.d5 Ne7 9.b4
a5 10.Ba3 axb4 11.Bxb4 b6 12.a4 Nd7 13.Nd2 f5 14.a5 Bh6 15.Ra3 bxa5 16.Bxa5
Rb8 17.Nb5 Nb6 18.c5 dxc5 19.Nc4 Nbxd5 20.exd5 Rxb5 21.d6 Rf6 22.Bxc7 Qe8
23.dxe7 Rb7 24.Qd8 Bd7 25.Nd6 Rxd6 26.Bxd6 {#r} 1-0

[Event "Oberliga East 1997/98"]
[Site "masterchessopen.com Germany"]
[Round "4"]
[White "Krug Norbert (GER)"]
[Black "Jugow Alexander (GER)"]
[Result "0-1"]
[WhiteElo "2228"]
[BlackElo "2230"]

1.d4 Nf6 2.c4 g6 3.Nc3 Bg7 4.e4 d6 5.Nf3 O-O 6.Be2 e5 7.O-O Nc6 8.d5 Ne7 9.b4
Ne8 10.a4 f5 11.Ng5 c6 12.a5 h6 13.Nf3 Nf6 14.Nd2 cxd5 15.cxd5 fxe4 16.Ndxe4
Bf5 17.Bf3 g5 18.Nxf6+ Rxf6 19.Ne4 Rf7 20.Re1 Qd7 21.Ra2 g4 {#R} 0-1

[Event "Oberliga East A 1998/99"]
[Site "masterchessopen.com Germany"]
[Round "0"]
[White "Schellig Andreas (GER)"]
[Black "Prochnow Mario (GER)"]
[Result "0-1"]
[WhiteElo "2131"]
[BlackElo "2222"]

1.d4 Nf6 2.c4 g6 3.Nc3 Bg7 4.e4 d6 5.Be2 O-O 6.Nf3 e5 7.O-O Nc6 8.d5 Ne7 9.b4
Nh5 10.Bd2 Nf4 11.Rc1 f5 12.Bxf4 exf4 13.Nd4 a5 14.a3 fxe4 15.Nxe4 Nf5 16.Nxf5
Bxf5 17.Bf3 Re8 18.Nc3 axb4 19.axb4 Ra3 20.Ne2 Rd3 21.Qe1 Rxf3 22.gxf3 Bd3
23.Qd2 Bxe2 24.Rfe1 Qg5+ {#R} 0-1

[Event "Oberliga East B 2002/03"]
[Site "masterchessopen.com Germany"]
[Date "2003.02.23"]
[Round "8"]
[White "Malek Daniel (GER)"]
[Black "Dubinsky Leonid (GER)"]
[Result "1-0"]
[WhiteElo "2230"]
[BlackElo "2197"]

1.d4 Nf6 2.c4 g6 3.Nc3 Bg7 4.e4 d6 5.Nf3 O-O 6.Be2 e5 7.O-O Nc6 8.d5 Ne7 9.b4
Nh5 10.Re1 f5 11.Ng5 Nf6 12.Bf3 Kh8 13.a4 h6 14.Ne6 Bxe6 15.dxe6 Nc6 16.b5 Na5
17.Nd5 Ng8 18.Qd3 Rc8 19.Bd2 c6 20.e7 {#r} 1-0

[Event "Oberliga SW 1997/98"]
[Site "masterchessopen.com Germany"]
[Round "0"]
[White "Fassnacht Peter (GER)"]
[Black "Scherer Ralf (GER)"]
[Result "0-1"]
[WhiteElo "2164"]
[BlackElo "2199"]

1.d4 d6 2.c4 g6 3.Nf3 Bg7 4.Nc3 Nf6 5.e4 O-O 6.Be2 e5 7.O-O Nc6 8.d5 Ne7 9.b4
a5 10.Ba3 axb4 11.Bxb4 Nd7 12.Ne1 f5 13.Nd3 b6 14.a4 fxe4 15.Nxe4 Nc5 16.f3
Nf5 17.Bd2 Nd4 18.Bg5 Qe8 19.Nc3 Nxa4 20.Ne4 Bd7 21.Rf2 Bf5 22.Nb4 Bxe4 {#R}
0-1

[Event "Oberliga Southwest 2005/06"]
[Site "masterchessopen.com Germany"]
[Date "2005.10.23"]
[Round "1"]
[White "Moeldner Juergen (GER)"]
[Black "Lanka Zigurds (LAT)"]
[Result "0-1"]
[WhiteElo "2273"]
[BlackElo "2510"]

1.d4 Nf6 2.Nf3 g6 3.c4 Bg7 4.Nc3 d6 5.e4 O-O 6.Be2 e5 7.O-O Nc6 8.d5 Ne7 9.b4
a5 10.Ba3 b6 11.bxa5 Nh5 12.Re1 f5 13.g3 Nf6 14.Nd2 Rxa5 15.Bb4 Ra8 16.a4 c5
17.dxc6 Nxc6 18.Ba3 Nd4 19.Bd3 f4 20.Nb5 Ng4 21.Nxd4 fxg3 22.fxg3 exd4 23.Rf1
Bh6 24.Rxf8+ Qxf8 25.Nf1 Be3+ {#R} 0-1

[Event "Olympiad"]
[Site "masterchessopen.com Bled (Slovenia)"]
[Round "4"]
[White "Jelen Igor (SLO)"]
[Black "Enjuto Velasco Roberto (ESP)"]
[Result "1-0"]
[WhiteElo "2372"]
[BlackElo "2192"]

1.d4 Nf6 2.c4 g6 3.Nc3 Bg7 4.e4 d6 5.Nf3 O-O 6.Be2 e5 7.O-O Nc6 8.d5 Ne7 9.b4
a5 10.Ba3 axb4 11.Bxb4 Nd7 12.a4 Bh6 13.a5 f5 14.Bd3 Kh8 15.Nd2 Ng8 16.Re1 f4
17.Na4 Rf7 18.c5 dxc5 19.Nxc5 Nxc5 20.Bxc5 Bf8 21.Qc2 Bd6 22.Rec1 Nf6 23.Bxd6
cxd6 24.Nc4 Rc7 25.Nxd6 Ne8 26.Qxc7 {#r} 1-0

[Event "Olympiad"]
[Site "masterchessopen.com Leipzig (Germany)"]
[Round "9"]
[White "O'kelly De Galway Alberic (BEL)"]
[Black "Jimenez Eleazar (CUB)"]
[Result "1-0"]
[WhiteElo "2460"]
[BlackElo "2365"]

1.d4 Nf6 2.c4 g6 3.Nc3 Bg7 4.e4 d6 5.Nf3 O-O 6.Be2 e5 7.O-O Nc6 8.d5 Ne7 9.b4
a5 10.bxa5 Rxa5 11.Nd2 Nd7 12.Nb3 Ra8 13.a4 f5 14.f3 Nc5 15.Nxc5 dxc5 16.Be3
b6 17.a5 Ba6 18.axb6 cxb6 19.d6 Nc6 20.Qd5+ Rf7 21.Qxc6 Bb7 22.Rxa8 {#r} 1-0

[Event "Olympiad"]
[Site "masterchessopen.com Leipzig (Germany)"]
[Round "3"]
[White "Szabo Laszlo (HUN)"]
[Black "Penrose Jonathan (ENG)"]
[Result "1-0"]
[WhiteElo "1903"]
[BlackElo "2405"]

1.d4 Nf6 2.c4 g6 3.Nc3 Bg7 4.e4 d6 5.Be2 O-O 6.Nf3 e5 7.O-O Nc6 8.d5 Ne7 9.b4
a5 10.bxa5 Rxa5 11.Nd2 Nd7 12.Nb3 Ra8 13.a4 f5 14.f3 b6 15.a5 Ba6 16.Be3 Rf7
17.Qc2 Nc5 18.Rfb1 Nc8 19.Ra2 fxe4 20.Nxe4 Nxe4 21.fxe4 Qh4 22.axb6 Bh6
23.Bxh6 Qxh6 24.Rxa6 {#r} 1-0

[Event "Olympiad"]
[Site "masterchessopen.com Moscow (Russia)"]
[Round "12"]
[White "Lukey Stephen G (NZL)"]
[Black "Daly Colm (FID)"]
[Result "0-1"]
[WhiteElo "2285"]
[BlackElo "2265"]

1.d4 Nf6 2.c4 g6 3.Nc3 Bg7 4.e4 d6 5.Nf3 O-O 6.Be2 e5 7.O-O Nc6 8.d5 Ne7 9.b4
Nh5 10.Qb3 h6 11.c5 f5 12.a4 Kh8 13.cxd6 cxd6 14.b5 Nf6 15.Nd2 fxe4 16.Ndxe4
Nexd5 17.Nxd5 Nxe4 18.Ba3 Nd2 19.Qb4 Nxf1 20.Kxf1 Be6 21.Ne3 Rf4 {#R} 0-1

[Event "Olympiad (national) (juniors) (under 14)"]
[Site "masterchessopen.com Suwalki (Poland)"]
[Date "2011.04.16"]
[Round "4"]
[White "Czerw Dawid (POL)"]
[Black "Smieszek Wojciech (POL)"]
[Result "1-0"]
[WhiteElo "1837"]
[BlackElo "1802"]

1.d4 Nf6 2.c4 g6 3.Nc3 Bg7 4.e4 d6 5.Nf3 O-O 6.Be2 e5 7.O-O Nc6 8.d5 Ne7 9.b4
Ne8 10.Nd2 f5 11.f3 Nf6 12.c5 c6 13.Nc4 cxd5 14.Nxd6 b6 15.Nxd5 Nfxd5 16.Bc4
bxc5 17.Bxd5+ Nxd5 18.Qxd5+ Be6 19.Qxe6+ Kh8 20.Be3 Qc7 21.Bxc5 Rf6 22.Qd5 Rg8
23.Nb5 Qb8 24.Bd6 Qb6+ 25.Qc5 Qb7 26.Bxe5 {#r} 1-0

[Event "Olympiad (under 16)"]
[Site "masterchessopen.com Denizli (Turkey)"]
[Round "8"]
[White "Bykhovsky Anatoly (ISR)"]
[Black "Ponkratov Pavel (RUS)"]
[Result "0-1"]
[WhiteElo "2254"]
[BlackElo "2413"]

1.d4 Nf6 2.c4 g6 3.Nc3 Bg7 4.e4 O-O 5.Nf3 d6 6.Be2 e5 7.O-O Nc6 8.d5 Ne7 9.b4
Nd7 10.Ba3 f5 11.Nd2 Nf6 12.Re1 Bh6 13.Bd3 Nh5 14.c5 Nf4 15.Bf1 fxe4 16.Ndxe4
Nf5 17.b5 Rf7 18.Bb4 dxc5 19.Bxc5 b6 20.Ba3 a6 21.Bb2 Nd4 22.Bc4 Nxg2 23.d6
Nxe1 {#R} 0-1

[Event "Olympiad (under 16)"]
[Site "masterchessopen.com Kocaeli (Turkey)"]
[Date "2011.10.25"]
[Round "2"]
[White "Ajeet Singh Roshan (MAS)"]
[Black "Antonio Viani D'cunha (IND)"]
[Result "0-1"]
[WhiteElo "1886"]
[BlackElo "2245"]

1.d4 Nf6 2.c4 g6 3.Nc3 Bg7 4.e4 d6 5.Nf3 O-O 6.Be2 e5 7.O-O Nc6 8.d5 Ne7 9.b4
Nh5 10.c5 f5 11.Ng5 Nf4 12.Bxf4 exf4 13.Rc1 fxe4 14.cxd6 cxd6 15.Ngxe4 Nf5
16.Nb5 Rf7 17.Qc2 a6 {#R} 0-1

[Event "Regionalliga Northwest 2002/03"]
[Site "masterchessopen.com Germany"]
[Date "2003.01.12"]
[Round "4"]
[White "Stauch Edgar (GER)"]
[Black "Deml Tilo"]
[Result "1-0"]
[WhiteElo "2199"]
[BlackElo "2080"]

1.d4 Nf6 2.c4 g6 3.Nc3 Bg7 4.e4 d6 5.Nf3 O-O 6.Be2 e5 7.O-O Nc6 8.d5 Ne7 9.b4
a5 10.Ba3 axb4 11.Bxb4 Nd7 12.a4 b6 13.a5 Nc5 14.Nd2 f5 15.Bxc5 dxc5 16.axb6
cxb6 {#r} 1-0

[Event "Staatsliga B 1999/00"]
[Site "masterchessopen.com Austria"]
[Round "0"]
[White "Weinzetl Andreas (AUT)"]
[Black "Herbst Daniel (AUT)"]
[Result "0-1"]
[WhiteElo "1989"]
[BlackElo "2103"]

1.d4 Nf6 2.c4 g6 3.Nc3 Bg7 4.e4 O-O 5.Nf3 d6 6.Be2 e5 7.O-O Nc6 8.d5 Ne7 9.b4
Nd7 10.a4 f5 11.Ng5 Nf6 12.Ne6 Bxe6 13.dxe6 Nxe4 {#R} 0-1

[Event "Staatsliga B West 1999/00"]
[Site "masterchessopen.com Austria"]
[Date "1999.11.21"]
[Round "6"]
[White "Kranewitter Norbert (AUT)"]
[Black "Flatz Lothar (AUT)"]
[Result "1-0"]
[WhiteElo "2183"]
[BlackElo "2114"]

1.Nf3 g6 2.c4 Bg7 3.d4 d6 4.Nc3 Nf6 5.e4 O-O 6.Be2 e5 7.O-O Nc6 8.d5 Ne7 9.b4
Ne8 10.Be3 f5 11.Ng5 f4 12.Bc1 Nxd5 13.Qxd5+ {#r} 1-0

[Event "Tournament"]
[Site "masterchessopen.com Goiania (Brazil)"]
[Date "2012.05.19"]
[Round "2"]
[White "Bernardes Rafael Esteves "]
[Black "Santos Sergio Filho Claudio"]
[Result "1-0"]
[WhiteElo "1882"]
[BlackElo "1920"]

1.d4 Nf6 2.c4 g6 3.Nc3 Bg7 4.e4 d6 5.Be2 O-O 6.Nf3 e5 7.O-O Nc6 8.d5 Ne7 9.b4
Nh5 10.Re1 Nf4 11.Bf1 a5 12.bxa5 Rxa5 13.Nd2 c5 14.a4 g5 15.Ra3 Neg6 16.Nb5 f5
17.g3 fxe4 18.gxf4 gxf4 19.Nxe4 Ra6 20.Bh3 Qh4 21.Bxc8 Rxc8 22.Nbxd6 {#r} 1-0

[Event "Tournament"]
[Site "masterchessopen.com Portsmouth (England)"]
[Date "2004.02.21"]
[Round "4"]
[White "Crouch Colin S (ENG)"]
[Black "Hebden Mark (ENG)"]
[Result "0-1"]
[WhiteElo "2374"]
[BlackElo "2550"]

1.d4 Nf6 2.c4 g6 3.Nc3 Bg7 4.e4 d6 5.Nf3 O-O 6.Be2 e5 7.O-O Nc6 8.d5 Ne7 9.b4
Nh5 10.Re1 Kh8 11.c5 f5 12.cxd6 cxd6 13.Nd2 Nf6 14.Bb2 fxe4 15.Ndxe4 Nexd5
16.Bf3 Nxc3 17.Bxc3 Nxe4 18.Bxe4 Qb6 19.Qd2 Be6 20.Bf3 Rac8 21.a4 Rxc3 22.Qxc3
e4 23.Qa3 exf3 24.Rxe6 Qd4 {#R} 0-1

[Event "Tournament"]
[Site "masterchessopen.com Vantaa (Finland)"]
[Round "3"]
[White "Veingold Aleksandr (EST)"]
[Black "Skrjabin Igor (RUS)"]
[Result "1-0"]
[WhiteElo "2473"]
[BlackElo "2117"]

1.d4 Nf6 2.c4 g6 3.Nc3 Bg7 4.e4 d6 5.Nf3 O-O 6.Be2 e5 7.O-O Nc6 8.d5 Ne7 9.b4
a5 10.Ba3 Nh5 11.bxa5 Rxa5 12.Bb4 Ra8 13.c5 f5 14.Nd2 Nf4 15.cxd6 cxd6 16.Nc4
Ra6 17.f3 {#r} 1-0

[Event "Tournament (Elo)"]
[Site "masterchessopen.com Ukhta (Russia)"]
[Date "2009.04.09"]
[Round "10"]
[White "Vasilew Peter (RUS)"]
[Black "Troshina Lyudmila (RUS)"]
[Result "1-0"]
[WhiteElo "1974"]
[BlackElo "1855"]

1.d4 Nf6 2.c4 g6 3.Nc3 Bg7 4.e4 d6 5.Nf3 O-O 6.Be2 e5 7.O-O Nc6 8.d5 Ne7 9.b4
Ne8 10.c5 f5 11.Ng5 f4 12.Ne6 Bxe6 13.dxe6 a6 14.Qb3 Kh8 15.Rd1 Nc6 16.Nd5 Nf6
17.Qc4 Nxd5 18.Rxd5 Nd4 19.Bb2 Rc8 20.Rd1 Qg5 21.Bxd4 {#r} 1-0

[Event "Tournament (a)"]
[Site "masterchessopen.com Loreggia (Italy)"]
[Date "2005.02.27"]
[Round "5"]
[White "Cecchetto Vanni (ITA)"]
[Black "Quaranta Cristiano (ITA)"]
[Result "1-0"]
[WhiteElo "2012"]
[BlackElo "2026"]

1.Nf3 Nf6 2.c4 g6 3.Nc3 Bg7 4.e4 d6 5.d4 O-O 6.Be2 e5 7.O-O Nc6 8.d5 Ne7 9.b4
Nh5 10.Re1 f5 11.Ng5 Nf6 12.Bf3 a5 13.b5 f4 14.Ba3 h6 15.Ne6 Bxe6 16.dxe6 Qe8
17.Nd5 Rc8 18.b6 Nexd5 19.exd5 Qe7 20.Rb1 e4 21.Bxe4 Nxe4 22.Rxe4 f3 23.gxf3
Be5 24.Rxe5 Qh4 25.Re4 Qh3 26.bxc7 {#r} 1-0

[Event "Tournament (a)"]
[Site "masterchessopen.com Sta. Eulalia de Roncana (Spain)"]
[Date "2010.05.27"]
[Round "6"]
[White "Garcia Gil Javier (ESP)"]
[Black "Morros Faura Ricard (ESP)"]
[Result "1-0"]
[WhiteElo "2241"]
[BlackElo "2198"]

1.d4 g6 2.c4 Nf6 3.Nc3 Bg7 4.e4 d6 5.Nf3 O-O 6.Be2 e5 7.O-O Nc6 8.d5 Ne7 9.b4
Ne8 10.c5 h6 11.Ba3 f5 12.Nd2 h5 13.Nc4 f4 14.b5 b6 15.cxd6 cxd6 16.Qb3 Kh8
17.f3 g5 18.Qb4 Rf6 19.Nxe5 Ng6 20.Nc6 Qc7 21.Rac1 Qf7 22.Na4 Nh4 23.Bb2 Bd7
24.e5 dxe5 25.Nxe5 Qxd5 26.Rfd1 Qxa2 {#r} 1-0